000 00951nas a2200313 4500
001 BR2011006449
003 BR-BrBNA
005 20231205115221.0
007 ta
008 230509b bl.|||p| |||| 00| 00por d
040 _aBR-BrBNA
_bpor
_cBiblioteca Nacional de Agricultura
041 _a(Pt)
072 _aL74
100 1 _aPavarini, S.P.
100 1 _aSoares, M.P.
100 1 _aBandarra, P.M.
100 1 _aGomes, D.C.
100 1 _aBandinelli, C.E.F.
100 1 _aCruz, C.E.F.
100 1 _aDriemeier, D.
245 1 _aMortes súbitas em bovinos causadas por Amorimia exotropica (Malpighiaceae)no Rio Grande do Sul
650 _aBOVINO
650 _aPLANTA TÓXICA
650 _aINTOXICAÇÃO ANIMAL
650 _aRIO GRANDE DO SUL
773 0 _tPesquisa Veterinária Brasileira (Brazil)
_xISSN 0100-736X
_g(Apr 2011), v. 31(4) p. 291-296
_wBR2011006449
909 _a202311
_bLúcia
_c55
_dLúcia Elande
942 _2AGRIS
_n0
_cANA
999 _c212663
_d212663